|
|
|
|
| LEADER |
00740nab a2200181 i 4500 |
| 001 |
misc13927 |
| 005 |
20191106140914.0 |
| 008 |
170607s2000 hu o 0|| hun d |
| 022 |
|
|
|a 0025-0260
|
| 040 |
|
|
|a SZTE Miscellanea Repozitórium
|b hun
|
| 041 |
|
|
|a hun
|
| 100 |
1 |
|
|a Kelemen Elemér
|
| 245 |
1 |
0 |
|a Oktatásügyi változások Kelet-Európában
|h [elektronikus dokumentum] /
|c Kelemen Elemér
|
| 260 |
|
|
|c 2000
|
| 300 |
|
|
|a 315-330
|
| 490 |
0 |
|
|a Magyar pedagógia : a Magyar Tudományos Akadémia Pedagógiai Bizottságának folyóirata
|v 100 No. 3
|
| 695 |
|
|
|a Oktatásügy Kelet-Európa 1990-es évek, Oktatási rendszer Kelet-Európa 1990-as évek
|
| 856 |
4 |
0 |
|u http://misc.bibl.u-szeged.hu/13927/1/mp_2000_003_6264_315-330.pdf
|z Dokumentum-elérés
|